Landen van de wereld A-Z met letters A-Z - Statistieken

Algemene statistieken
  • Deze quiz is 5.713 keer genomen
  • De gemiddelde score is 296 van 377
Antwoordstatistieken
Begint met Bevat # mogelijkheden Voorbeeld Antwoord % Correct
A A 10 Afghanistan
98%
A I 8 Afghanistan
98%
B B 17 Bahama's
98%
B E 10 Bahrein
98%
A E 7 Albanië
97%
A N 8 Afghanistan
97%
B A 12 Bahama's
97%
B I 11 Bahrein
97%
B L 7 Bangladesh
97%
A R 7 Algerije
96%
B R 9 Bahrein
96%
C C 10 Cambodja
96%
D A 5 Democratische Republiek Congo
96%
D D 6 Democratische Republiek Congo
96%
D N 5 Democratische Republiek Congo
96%
N N 11 Namibië
96%
B G 4 Bangladesh
95%
C A 7 Cambodja
95%
F F 4 Fiji
95%
F I 4 Fiji
95%
F N 3 Filipijnen
95%
N A 9 Namibië
95%
N E 9 Namibië
95%
N R 8 Nauru
95%
R N 4 Republiek Congo
95%
R R 4 Republiek Congo
95%
V A 6 Vanuatu
95%
V N 7 Vanuatu
95%
V V 7 Vanuatu
95%
Z Z 7 Zambia
95%
A G 5 Afghanistan
94%
A L 4 Albanië
94%
D I 5 Democratische Republiek Congo
94%
D U 4 Democratische Republiek Congo
94%
E E 8 Ecuador
94%
F A 2 Finland
94%
G G 10 Gabon
94%
I A 7 Ierland
94%
I I 9 Ierland
94%
L L 9 Laos
94%
M M 18 Madagaskar
94%
P P 8 Pakistan
94%
S A 17 Saint Kitts en Nevis
94%
S E 17 Saint Kitts en Nevis
94%
S S 21 Saint Kitts en Nevis
94%
V E 4 Venezuela
94%
Z A 6 Zambia
94%
Z I 6 Zambia
94%
A T 4 Afghanistan
93%
C I 5 Centraal-Afrikaanse Republiek
93%
D T 3 Democratische Republiek Congo
93%
E A 6 Ecuador
93%
I N 5 Ierland
93%
K K 9 Kaapverdië
93%
L E 7 Lesotho
93%
M A 15 Madagaskar
93%
M O 8 Marokko
93%
N D 4 Nederland
93%
P A 6 Pakistan
93%
S N 15 Saint Kitts en Nevis
93%
T T 13 Tadzjikistan
93%
V I 5 Vaticaanstad
93%
V T 5 Vanuatu
93%
Z E 5 Zimbabwe
93%
A B 3 Albanië
92%
B S 7 Bahama's
92%
B U 6 Belarus
92%
C N 4 Canada
92%
D L 3 Democratische Republiek Congo
92%
D S 3 Democratische Republiek Congo
92%
E T 6 Egypte
92%
G A 8 Gabon
92%
J J 4 Jamaica
92%
K A 6 Kaapverdië
92%
O N 5 Oeganda
92%
O O 6 Oeganda
92%
P U 2 Papoea-Nieuw-Guinea
92%
R A 2 Rusland
92%
R D 2 Rusland
92%
R L 2 Republiek Congo
92%
R U 1 Republiek Congo
92%
T I 9 Tadzjikistan
92%
Z D 5 Zuid-Afrika
92%
D E 3 Democratische Republiek Congo
91%
D K 3 Democratische Republiek Congo
91%
D M 4 Democratische Republiek Congo
91%
D R 3 Democratische Republiek Congo
91%
G N 7 Gabon
91%
H A 3 Haïti
91%
H H 3 Haïti
91%
I D 4 Ierland
91%
I E 4 Ierland
91%
I L 4 Ierland
91%
J N 3 Japan
91%
M E 10 Maldiven
91%
M I 12 Malawi
91%
N L 3 Nederland
91%
S I 16 Saint Kitts en Nevis
91%
S O 11 Salomonseilanden
91%
V D 4 Vaticaanstad
91%
Z W 3 Zimbabwe
91%
F J 3 Fiji
90%
G E 6 Georgië
90%
J A 3 Jamaica
90%
M N 8 Maldiven
90%
O E 4 Oeganda
90%
T A 9 Tadzjikistan
90%
T N 8 Tadzjikistan
90%
V S 3 Vaticaanstad
90%
Z 3 9 Zuid-Afrika
90%
A D 3 Andorra
89%
B N 9 Bahrein
89%
E D 3 Ecuador
89%
G I 5 Gambia
89%
K E 6 Kaapverdië
89%
L A 4 Laos
89%
L I 5 Libanon
89%
L T 4 Lesotho
89%
M L 8 Malawi
89%
M R 8 Madagaskar
89%
O A 4 Oeganda
89%
P G 3 Papoea-Nieuw-Guinea
89%
S R 10 Saint Vincent en de Grenadines
89%
C B 4 Cambodja
88%
H N 2 Honduras
88%
H O 2 Honduras
88%
H R 2 Honduras
88%
K I 6 Kaapverdië
88%
K T 4 Kazachstan
88%
L N 4 Letland
88%
L O 4 Laos
88%
N I 6 Namibië
88%
O I 4 Oekraïne
88%
P R 3 Portugal
88%
Q A 1 Qatar
88%
Q Q 1 Qatar
88%
Q R 1 Qatar
88%
Q T 1 Qatar
88%
S L 9 Saint Lucia
88%
T U 4 Tunesië
88%
A S 2 Afghanistan
87%
B O 5 Barbados
87%
H I 2 Haïti
87%
I R 5 Ierland
87%
I S 4 IJsland
87%
K R 5 Kaapverdië
87%
O K 3 Oekraïne
87%
P L 3 Palau
87%
P O 3 Papoea-Nieuw-Guinea
87%
Z U 3 Zuid-Afrika
87%
C O 4 Cambodja
86%
E L 3 Equatoriaal-Guinea
86%
E N 3 Equatoriaal-Guinea
86%
E S 3 El Salvador
86%
F L 2 Filipijnen
86%
G R 3 Georgië
86%
O S 3 Oezbekistan
86%
O T 3 Oezbekistan
86%
P N 4 Pakistan
86%
T E 4 Tsjechië
86%
V G 3 Verenigd Koninkrijk
86%
V R 3 Verenigd Koninkrijk
86%
Z N 3 Zuid-Soedan
86%
A J 2 Algerije
85%
B H 5 Bahama's
85%
C D 2 Cambodja
85%
L U 2 Litouwen
85%
N G 4 Nicaragua
85%
R E 2 Republiek Congo
85%
R I 2 Republiek Congo
85%
R O 2 Republiek Congo
85%
R S 1 Rusland
85%
T J 4 Tadzjikistan
85%
T S 5 Tadzjikistan
85%
Z B 2 Zambia
85%
Z K 2 Zuid-Afrika
85%
Z M 2 Zambia
85%
B Z 3 Belize
84%
C M 3 Cambodja
84%
D B 3 Democratische Republiek Congo
84%
D O 4 Democratische Republiek Congo
84%
K N 3 Kameroen
84%
K O 4 Kameroen
84%
L B 3 Libanon
84%
M G 3 Madagaskar
84%
N O 3 Noord-Korea
84%
P T 1 Pakistan
84%
T R 3 Trinidad en Tobago
84%
A U 2 Antigua en Barbuda
83%
C H 2 Chili
83%
C L 3 Centraal-Afrikaanse Republiek
83%
M C 3 Mexico
83%
P E 3 Papoea-Nieuw-Guinea
83%
S M 6 Salomonseilanden
83%
V U 2 Vanuatu
83%
C R 4 Centraal-Afrikaanse Republiek
82%
E R 4 Ecuador
82%
M D 4 Madagaskar
82%
O R 3 Oekraïne
82%
T K 3 Tadzjikistan
82%
E O 4 Ecuador
81%
F D 1 Finland
81%
J E 2 Jemen
81%
J M 2 Jamaica
81%
M S 5 Madagaskar
81%
N W 2 Nieuw-Zeeland
81%
T D 4 Tadzjikistan
81%
U A 1 Uruguay
81%
U G 1 Uruguay
81%
U R 1 Uruguay
81%
U U 1 Uruguay
81%
U Y 1 Uruguay
81%
A O 2 Andorra
80%
C U 3 Centraal-Afrikaanse Republiek
80%
D C 3 Democratische Republiek Congo
80%
F K 1 Frankrijk
80%
F R 1 Frankrijk
80%
G L 2 Griekenland
80%
L S 3 Laos
80%
S P 3 Sao Tomé en Principe
80%
S V 4 Saint Kitts en Nevis
80%
K S 2 Kazachstan
79%
M T 4 Malta
79%
S D 4 Saint Vincent en de Grenadines
79%
S K 3 Saint Kitts en Nevis
79%
Z O 2 Zuid-Korea
79%
C S 3 Centraal-Afrikaanse Republiek
78%
D P 2 Democratische Republiek Congo
78%
E I 4 Equatoriaal-Guinea
78%
J I 2 Jamaica
78%
N U 3 Nauru
78%
S J 2 Slowakije
78%
Z S 2 Zuid-Soedan
78%
G D 2 Griekenland
77%
H E 1 Hongarije
77%
H G 1 Hongarije
77%
H J 1 Hongarije
77%
K Z 2 Kazachstan
77%
V C 2 Vaticaanstad
77%
V L 1 Venezuela
77%
V Z 1 Venezuela
77%
Z F 1 Zuid-Afrika
76%
A F 1 Afghanistan
75%
A H 1 Afghanistan
75%
B D 3 Bangladesh
75%
B V 2 Bolivia
75%
J P 1 Japan
75%
O M 2 Oman
75%
T L 2 Thailand
75%
V J 1 Verenigd Koninkrijk
75%
V K 1 Verenigd Koninkrijk
75%
V O 1 Verenigd Koninkrijk
75%
E P 2 Egypte
74%
L R 2 Liberia
74%
N M 2 Namibië
74%
A Z 1 Azerbeidzjan
73%
E G 2 Egypte
73%
G O 2 Gabon
73%
L H 2 Lesotho
73%
M K 2 Madagaskar
73%
E U 2 Ecuador
72%
I O 1 Indonesië
72%
I T 2 Italië
72%
L D 1 Letland
72%
T Z 2 Tadzjikistan
72%
G B 3 Gabon
71%
G U 4 Guatemala
71%
N C 2 Nicaragua
71%
P I 2 Pakistan
71%
S G 3 Saint Vincent en de Grenadines
71%
V M 2 Verenigde Arabische Emiraten
71%
B T 2 Bhutan
70%
C P 2 Centraal-Afrikaanse Republiek
70%
K C 1 Kazachstan
70%
K H 1 Kazachstan
70%
L W 1 Litouwen
70%
T G 3 Togo
70%
T O 3 Togo
70%
D G 1 Democratische Republiek Congo
69%
D H 1 Democratische Republiek Congo
69%
M U 3 Mauritanië
69%
A M 1 Armenië
68%
C T 2 Centraal-Afrikaanse Republiek
67%
G K 1 Griekenland
67%
G M 2 Gambia
67%
H D 1 Honduras
67%
H S 1 Honduras
67%
H U 1 Honduras
67%
I J 1 IJsland
67%
I K 2 Irak
67%
J D 1 Jordanië
67%
J O 1 Jordanië
67%
J R 1 Jordanië
67%
S C 4 Saint Lucia
67%
S U 2 Saint Lucia
67%
T H 2 Thailand
67%
K V 2 Kaapverdië
66%
R B 1 Republiek Congo
66%
R C 1 Republiek Congo
66%
R G 1 Republiek Congo
66%
R K 1 Republiek Congo
66%
R P 1 Republiek Congo
66%
C E 2 Centraal-Afrikaanse Republiek
65%
E C 1 Ecuador
65%
R M 1 Roemenië
65%
L G 1 Luxemburg
64%
L M 1 Luxemburg
64%
L X 1 Luxemburg
64%
N Z 1 Nieuw-Zeeland
64%
O B 1 Oezbekistan
64%
O Z 1 Oezbekistan
64%
B J 1 Bulgarije
63%
O J 1 Oostenrijk
63%
Z L 1 Zwitserland
63%
Z T 1 Zwitserland
63%
L C 1 Liechtenstein
62%
P Y 1 Paraguay
62%
S T 4 Saint Kitts en Nevis
62%
S Y 2 Seychellen
62%
M X 1 Mexico
61%
N K 1 Noord-Korea
61%
E Y 1 Egypte
60%
M V 2 Maldiven
60%
R W 2 Rwanda
60%
T M 1 Turkmenistan
60%
C J 1 Cambodja
59%
G H 1 Ghana
59%
P K 1 Pakistan
59%
P S 3 Pakistan
59%
T V 1 Tuvalu
59%
H T 1 Haïti
58%
O D 1 Oeganda
58%
O G 1 Oeganda
58%
M B 1 Mozambique
57%
M Q 1 Mozambique
57%
M Z 1 Mozambique
57%
S W 1 Slowakije
57%
D J 1 Djibouti
56%
N B 1 Namibië
56%
J C 1 Jamaica
55%
V B 1 Verenigde Arabische Emiraten
55%
V H 1 Verenigde Arabische Emiraten
55%
C Y 1 Cyprus
54%
E W 1 Eswatini
54%
F E 1 Filipijnen
54%
F P 1 Filipijnen
54%
K G 1 Kirgizië
54%
N P 1 Nepal
54%
E H 1 Ethiopië
53%
B W 1 Botswana
52%
C F 1 Centraal-Afrikaanse Republiek
51%
C K 1 Centraal-Afrikaanse Republiek
51%
K B 1 Kiribati
51%
G T 1 Guatemala
50%
P M 1 Panama
50%
B F 1 Burkina Faso
49%
B K 1 Burkina Faso
49%
K M 1 Kameroen
49%
M Y 1 Myanmar
48%
E Q 1 Equatoriaal-Guinea
47%
G Y 1 Guyana
47%
T B 1 Trinidad en Tobago
47%
B M 1 Bahama's
46%
P W 1 Papoea-Nieuw-Guinea
46%
S B 1 Saoedi-Arabië
46%
I U 1 Ivoorkust
45%
I V 1 Ivoorkust
45%
K D 1 Kaapverdië
45%
K P 1 Kaapverdië
45%
T C 1 Tsjechië
45%
K W 1 Koeweit
44%
M H 1 Marshalleilanden
44%
M W 1 Malawi
44%
S H 1 Seychellen
44%
E V 1 El Salvador
43%
T W 1 Taiwan
41%
G S 1 Guinee-Bissau
38%
Geen overeenkomende quizzen gevonden
Scoreverdeling
Procent van Mensen met Elke Score
Percentiel versus Aantal Correcte Antwoorden
Uw Scoregeschiedenis
U heeft deze quiz nog niet genomen